Central Library OPAC University of Rajshahi

The unusable past : (Record no. 17564)

MARC details
000 -LEADER
fixed length control field 00956cam a2200301 a 4500
001 - CONTROL NUMBER
control field 17564
003 - CONTROL NUMBER IDENTIFIER
rucl marc code BD-RjUL
005 - DATE AND TIME OF LATEST TRANSACTION
control field 20211209000148.0
008 - FIXED-LENGTH DATA ELEMENTS--GENERAL INFORMATION
fixed length control field 140217s1986 nyu b 001 0 eng
020 ## - INTERNATIONAL STANDARD BOOK NUMBER
International Standard Book Number 0416013112 :
International Standard Book Number 041601321X (pbk.) :
035 ## - SYSTEM CONTROL NUMBER
System control number (BD-RjUL)17622
040 ## - CATALOGING SOURCE
Original cataloging agency DLC
Transcribing agency DLC
Modifying agency DLC
-- BD-RjUL
Language of cataloging eng
041 ## - LANGUAGE CODE
Language code of text/sound track or separate title eng
082 00 - DEWEY DECIMAL CLASSIFICATION NUMBER
Classification number 810.9
Edition number 19
Author mark and year REU
100 1# - MAIN ENTRY--PERSONAL NAME
Personal name Reising, Russell.
9 (RLIN) 54129
245 14 - TITLE STATEMENT
Title The unusable past :
Remainder of title theory and the study of American literature /
Statement of responsibility, etc. Russell J. Reising.
260 ## - PUBLICATION, DISTRIBUTION, ETC. (IMPRINT)
Place of publication, distribution, etc. New York :
Name of publisher, distributor, etc. Methuen,
Date of publication, distribution, etc. 1986.
300 ## - PHYSICAL DESCRIPTION
Pagination xii, 290 p. ;
Size 21 cm.
490 1# - SERIES STATEMENT
Series statement New accents
504 ## - BIBLIOGRAPHY, ETC. NOTE
Bibliography, etc Includes Bibliography: p. [278]-286 and index.
650 #0 - SUBJECT ADDED ENTRY--TOPICAL TERM
Topical term or geographic name as entry element American literature
General subdivision History and criticism
-- Theory, etc.
9 (RLIN) 54130
Topical term or geographic name as entry element Criticism
Geographic subdivision United States
General subdivision History.
9 (RLIN) 54131
830 #0 - SERIES ADDED ENTRY--UNIFORM TITLE
Uniform title New accents (Methuen & Co.)
942 ## - ADDED ENTRY ELEMENTS (KOHA)
Source of classification or shelving scheme Dewey Decimal Classification
Koha item type Books
Holdings
Lost status Source of classification or shelving scheme Damaged status Not for loan Collection code Permanent Location Current Location Shelving location Date acquired Source of acquisition Cost, normal purchase price Total Checkouts Full call number Date last seen Copy number Koha item type
  Dewey Decimal Classification     Fiction Central Library, University of Rajshahi Central Library, University of Rajshahi   06/09/2008 Prokashok of RU 0.00   810.9 REU 1986 17/02/2014 C-2 Books
  Dewey Decimal Classification   Not For Loan Fiction Central Library, University of Rajshahi Central Library, University of Rajshahi Reading Room 24/09/1991 Abacus, London 7.99   810.9 REU 1986 24/02/2014 C-1 Books